Music Quiz

Random Music or Album Quiz

Best 80s Albums - RYM Edition Quiz Stats

 Plays Quiz not verified by Sporcle

Also try: Finish the Lyric
Challenge
Share
Tweet
Score 0/100 Timer 15:00
0 Plays Today
Year Album % Correct
1982Thriller
76.7%
1989Doolittle
65.1%
1986The Queen Is Dead
63%
1980Closer
63%
1984Purple Rain
63%
1980Remain In Light
62.4%
1986Master Of Puppets
62.4%
1988Surfer Rosa
59.8%
1984The Smiths
57.1%
1988Daydream Nation
56.6%
1989Disintegration
56.6%
1984Ride The Lightning
56.1%
1983Murmur
54.5%
1988...And Justice For All
54%
1983Kill 'Em All
54%
1988It Takes A Nation Of Millions To Hold Us Back
53.4%
1985Rain Dogs
52.9%
1987The Joshua Tree
51.9%
1986Reign In Blood
50.3%
1982Pornography
50.3%
1982The Number Of The Beast
49.7%
1984Powerslave
47.6%
1987Appetite For Destruction
47.6%
1983Swordfishtrombones
46.6%
1987Sister
46.6%
1987Strangeways, Here We Come
46%
1986EVOL
45.5%
1985Hounds Of Love
44.4%
1989The Stone Roses
43.4%
1980Iron Maiden
43.4%
1988Seventh Son Of A Seventh Son
42.3%
1986Peace Sells... But Who's Buying?
41.3%
1984Let It Be
40.7%
1982Screaming For Vengeance
38.1%
Year Album % Correct
1983Piece Of Mind
38.1%
1980Back In Black
37.6%
1989Paul's Boutique
35.4%
1988Spirit Of Eden
34.4%
1985Tim
34.4%
1981Moving Pictures
32.8%
1986Graceland
32.8%
1980Fresh Fruit For Rotting Vegetables
31.2%
1984Zen Arcade
31.2%
1980Heaven And Hell
31.2%
1988South Of Heaven
31.2%
1987Paid In Full
30.7%
1982Nebraska
29.6%
1985Psychocandy
29.1%
19893 Feet High And Rising
28.6%
1982The Dreaming
27.5%
1984Double Nickels On The Dime
26.5%
1984Defenders Of The Faith
26.5%
1980Ace Of Spades
25.9%
1981Discipline
25.4%
1985This Nation's Saving Grace
24.9%
1980Seventeen Seconds
23.8%
1987You're Living All Over Me
23.3%
1983Holy Diver
23.3%
1989Altars Of Madness
22.8%
1980Permanent Waves
22.8%
1984Ocean Rain
22.2%
1984Don't Break The Oath
21.7%
1988Operation: Mindcrime
21.7%
1983Melissa
21.2%
1984Treasure
20.6%
1986The Colour Of Spring
20.6%
1982Hex Enduction Hour
18.5%
1983Violent Femmes
18%
Year Album % Correct
1987Sign The Times
18%
1986Skylarking
18%
1980Peter Gabriel
18%
1981Youth Of America
17.5%
1980Lightning To The Nations
17.5%
1984Tabula Rasa
14.8%
1980Jeopardy
14.8%
1983Script Of The Bridge
13.8%
1981Computerwelt
13.8%
1985Rum, Sodomy And The Lash
13.8%
1987Abigail
13.2%
1988Tender Prey
10.1%
1981From The Lions Mouth
9.5%
1982The Goldberg Variations
9%
1987Within The Realm Of A Dying Sun
9%
1980Star Wars: The Empire Strikes Back
9%
1981Fire Of Love
9%
1982Bad Brains
9%
1989Beneath The Remains
7.9%
1981Deceit
7.9%
1988If I Should Fall From Grace With God
6.9%
1984Meat Puppets II
6.9%
1980Crazy Rhythms
6.3%
198816 Lovers Lane
5.3%
1984C'era Una Volta In America
4.2%
1982Conan The Barbarian
4.2%
1986Epicus Doomicus Metallicus
3.7%
1984Amadeus
3.2%
1989Wrong
2.6%
1986Tango: Zero Hour
1.6%
19843 Gymnopedies & Other Piano Works
1.1%
1981Symphonie No. 4
1.1%

You're not logged in!

Compare scores with friends on all Sporcle quizzes.
Join for Free
OR
Log In

You Might Also Like...

Show Comments

Extras

Top Quizzes Today


Score Distribution

Your Account Isn't Verified!

In order to create a playlist on Sporcle, you need to verify the email address you used during registration. Go to your Sporcle Settings to finish the process.

Report this User

Report this user for behavior that violates our Community Guidelines.

Details: